[Event "Winnipeg op"]
[Site "Winnipeg CAN"]
[Date "2019.06.11"]
[Round "2.8"]
[White "Melnyk, Jim"]
[Black "Piche, Zachary"]
[Result "1-0"]
[WhiteElo "1708"]
[BlackElo "1482"]
[PlyCount "143"]
[EventDate "2019.06.04"]
[EventType "swiss"]
[EventRounds "8"]
[EventCountry "CAN"]

1. e4 c5 2. Nc3 d6 3. d4 cxd4 4. Qxd4 Nc6 5. Qe3 Nf6 6. Nf3 g6 7. Bc4 Bg7 8. h3
O-O 9. O-O Qc7 10. Bd3 a6 11. a3 b5 12. Rd1 Bb7 13. Bd2 Rfd8 14. Rab1 d5 15.
exd5 Nxd5 16. Nxd5 Rxd5 17. Qe1 Ne5 18. Nxe5 Rxe5 19. Qf1 Rd5 20. c4 bxc4 21.
Bxc4 Rd7 22. b3 Be4 23. Rbc1 Qb7 24. Be3 Rxd1 25. Rxd1 Qc6 26. Rc1 Qb7 27. Rd1
Qc6 28. f3 Bc2 29. Rd2 Bxb3 30. Bxb3 Rb8 31. Qc4 Qe8 32. Ba4 Qf8 33. Qxa6 Ra8
34. Qc4 Rc8 35. Qe2 Ra8 36. Qd1 e6 37. Rd3 Bb2 38. Bf2 Bxa3 39. Bc6 Rc8 40. Qa4
Be7 41. Qb5 Rb8 42. Qa4 Bd6 43. Rb3 Rc8 44. Rc3 Rb8 45. Qc2 Be5 46. Rb3 Rc8 47.
Rb6 Bc7 48. Ra6 Qd8 49. Ra8 Rxa8 50. Bxa8 Bb6 51. Be4 Bxf2+ 52. Qxf2 Kg7 53.
Qe2 Qd4+ 54. Kf1 Qa1+ 55. Kf2 Qd4+ 56. Qe3 Qb2+ 57. Kf1 Qa1+ 58. Ke2 Qb2+ 59.
Qd2 Qb5+ 60. Bd3 Qe5+ 61. Kf2 Qd4+ 62. Qe3 Qb2+ 63. Kg3 Qf6 64. f4 h6 65. Qe5
Qxe5 66. fxe5 g5 67. Kg4 Kg8 68. Kh5 Kg7 69. g3 f5 70. exf6+ Kxf6 71. Kxh6 e5
72. Be4 1-0

[Event "Winnipeg op"]
[Site "Winnipeg CAN"]
[Date "2019.06.11"]
[Round "2.9"]
[White "Remillard, John"]
[Black "Marshall, Ken"]
[Result "1-0"]
[WhiteElo "1602"]
[BlackElo "1475"]
[PlyCount "61"]
[EventDate "2019.06.04"]
[EventType "swiss"]
[EventRounds "8"]
[EventCountry "CAN"]

1. Nf3 d5 2. c4 Nf6 3. cxd5 Nxd5 4. Nc3 Nc6 5. g3 Bg4 6. Bg2 e6 7. O-O Bc5 8.
Qa4 Bh5 9. e3 O-O 10. a3 Nb6 11. Qb5 Qd6 12. Ne4 Qd5 13. Ne1 Be7 14. Nf6+ Bxf6
15. Bxd5 exd5 16. f3 a6 17. Qe2 Rfe8 18. Qf2 Na5 19. d3 Nb3 20. Rb1 c5 21. Qc2
c4 22. dxc4 dxc4 23. e4 Nd4 24. Qf2 Nb3 25. Be3 Nd7 26. h4 Rad8 27. Nc2 Nb8 28.
g4 Nc6 29. gxh5 Ncd4 30. Nxd4 Rxd4 31. Rfd1 1-0

[Event "Winnipeg op"]
[Site "Winnipeg CAN"]
[Date "2019.06.11"]
[Round "2.10"]
[White "Gannon, Keith"]
[Black "Myrzaibraimova, Aibike"]
[Result "0-1"]
[WhiteElo "1469"]
[BlackElo "1581"]
[PlyCount "54"]
[EventDate "2019.06.04"]
[EventType "swiss"]
[EventRounds "8"]
[EventCountry "CAN"]

1. e4 e6 2. d4 d5 3. exd5 exd5 4. Nf3 Bd6 5. Nc3 Ne7 6. Bd3 c6 7. Be3 Bf5 8.
Bxf5 Nxf5 9. Qd2 O-O 10. O-O-O b5 11. g4 Nxe3 12. fxe3 Nd7 13. e4 b4 14. Na4
dxe4 15. Ne5 Nxe5 16. dxe5 Bxe5 17. Qe3 Qa5 18. Nc5 Qxa2 19. Kd2 Qxb2 20. Nxe4
Rad8+ 21. Ke1 Rxd1+ 22. Kxd1 Qa1+ 23. Qc1 Qd4+ 24. Nd2 Qxg4+ 25. Ke1 Re8 26.
Kf1 Bd4 27. h3 Qe2# 0-1

[Event "Winnipeg op"]
[Site "Winnipeg CAN"]
[Date "2019.06.11"]
[Round "2.12"]
[White "Myrzaibraimova, Alia"]
[Black "Marshall, Carter"]
[Result "0-1"]
[WhiteElo "1208"]
[BlackElo "1561"]
[PlyCount "54"]
[EventDate "2019.06.04"]
[EventType "swiss"]
[EventRounds "8"]
[EventCountry "CAN"]

1. e4 d6 2. d4 Nd7 3. Nf3 e5 4. c3 Ngf6 5. Bd3 Be7 6. Be3 h6 7. O-O Nf8 8. Qe2
g5 9. Rd1 Ng6 10. dxe5 dxe5 11. Bb5+ Bd7 12. a3 c6 13. Bc4 Nf4 14. Bxf4 gxf4
15. Nxe5 Qc7 16. Nxf7 Rh7 17. e5 Nd5 18. e6 f3 19. exd7+ Qxd7 20. Qxf3 Rxf7 21.
Qh5 Bg5 22. Re1+ Ne3 23. Bxf7+ Kf8 24. fxe3 Qxf7 25. Rf1 Bxe3+ 26. Rf2 Qxf2+
27. Kh1 Qg1# 0-1

[Event "Winnipeg op"]
[Site "Winnipeg CAN"]
[Date "2019.06.11"]
[Round "2.13"]
[White "Gregoryanz, Philipp"]
[Black "Jenkins, Mark"]
[Result "0-1"]
[WhiteElo "1543"]
[BlackElo "1438"]
[PlyCount "130"]
[EventDate "2019.06.04"]
[EventType "swiss"]
[EventRounds "8"]
[EventCountry "CAN"]

1. e4 c6 2. d4 d5 3. Nc3 dxe4 4. Nxe4 Bf5 5. Bd3 Qxd4 6. Nf3 Qd8 7. O-O e6 8.
Bf4 Be7 9. Qe2 Bxe4 10. Bxe4 Nf6 11. Rad1 Nbd7 12. Bd6 Bxd6 13. Rxd6 O-O 14.
Rfd1 Qc7 15. Qd3 Nc5 16. Bxh7+ Nxh7 17. Qd4 b6 18. b4 Nb7 19. Rd7 Qc8 20. Qf4
Nf6 21. R7d3 Qb8 22. Qh4 Qc7 23. Ng5 Rad8 24. Ne4 Nxe4 25. Qxe4 Rxd3 26. Rxd3
Rd8 27. h3 Rxd3 28. Qxd3 Qd6 29. Qe4 Qd5 30. Qf4 Nd6 31. c4 e5 32. cxd5 exf4
33. dxc6 Kf8 34. Kf1 a6 35. Ke2 Ke8 36. Kd3 Kd8 37. Kd4 Kc7 38. Kd5 Nb5 39. Ke5
Kxc6 40. Kxf4 Nc3 41. a3 Kd5 42. Kf5 Nb5 43. a4 Nd4+ 44. Kf4 Ne6+ 45. Kf5 Kc4
46. a5 b5 47. g4 Kxb4 48. g5 Nf8 49. h4 Kc4 50. h5 b4 51. h6 gxh6 52. gxh6 Nh7
53. Ke5 b3 54. Kd6 Kb5 55. Ke7 b2 56. Kxf7 b1=Q 57. Kg7 Qf5 58. f4 Kxa5 59. Kh8
Kb5 60. Kg7 a5 61. Kg8 a4 62. Kg7 a3 63. Kh8 a2 64. Kg8 Kb4 65. Kh8 a1=Q+ 0-1

[Event "Winnipeg op"]
[Site "Winnipeg CAN"]
[Date "2019.06.18"]
[Round "3.1"]
[White "Proulx, Roy"]
[Black "Ubaka, Michael"]
[Result "0-1"]
[WhiteElo "1814"]
[BlackElo "1815"]
[PlyCount "52"]
[EventDate "2019.06.04"]
[EventType "swiss"]
[EventRounds "8"]
[EventCountry "CAN"]

1. e4 e5 2. d4 exd4 3. Qxd4 Nc6 4. Qe3 d6 5. Nc3 Be7 6. Bd2 Be6 7. O-O-O Nf6 8.
Bb5 a6 9. Bxc6+ bxc6 10. h3 c5 11. f4 c6 12. g4 Nd7 13. f5 Bc4 14. b3 Qb6 15.
bxc4 Rb8 16. Be1 h6 17. h4 Ne5 18. Qe2 Bf6 19. Rxd6 Qb4 20. Rxf6 Nxc4 21. Qh2
Qb2+ 22. Kd1 Rd8+ 23. Ke2 Qxc2+ 24. Kf3 Rd3+ 25. Kf4 Qc1+ 26. Bd2 Rxd2 0-1

[Event "Winnipeg op"]
[Site "Winnipeg CAN"]
[Date "2019.06.18"]
[Round "3.2"]
[White "Rutter, Blair"]
[Black "Baron, Gustav"]
[Result "0-1"]
[WhiteElo "1896"]
[BlackElo "2204"]
[PlyCount "86"]
[EventDate "2019.06.04"]
[EventType "swiss"]
[EventRounds "8"]
[EventCountry "CAN"]

1. c4 Nf6 2. g3 c6 3. Bg2 d5 4. Qb3 a5 5. Nf3 a4 6. Qc2 b5 7. cxb5 cxb5 8. a3
e6 9. O-O Bd7 10. Ne5 Bd6 11. Nxd7 Qxd7 12. d3 Nc6 13. e3 Rc8 14. Qe2 O-O 15.
Nc3 Na5 16. Bd2 Nb3 17. Rad1 Rc7 18. d4 Rc4 19. Nb1 Rc2 20. Qd3 Rxb2 21. Bc3
Ra2 22. Bb4 Rb8 23. Nc3 Rb2 24. e4 Bxb4 25. axb4 dxe4 26. Nxe4 Nxe4 27. Bxe4 g6
28. Qc3 Ra2 29. d5 Rc8 30. Qe5 Re2 31. Qf4 e5 32. Qf3 Rb2 33. Rd3 Nd4 34. Qf6
Rxb4 35. Bg2 Re8 36. Rfd1 Rb2 37. Qa6 Qf5 38. f3 Rb1 39. Rxb1 Qxd3 40. Rf1 Ne2+
41. Kh1 Qxd5 42. f4 e4 43. Qf6 Qh5 0-1

[Event "Winnipeg op"]
[Site "Winnipeg CAN"]
[Date "2019.06.18"]
[Round "3.3"]
[White "Wiebe, Isaac"]
[Black "Annakkage, Udaya"]
[Result "1-0"]
[WhiteElo "2281"]
[BlackElo "1702"]
[PlyCount "63"]
[EventDate "2019.06.04"]
[EventType "swiss"]
[EventRounds "8"]
[EventCountry "CAN"]

1. Nf3 d5 2. c4 Nf6 3. cxd5 Nxd5 4. d4 Bf5 5. Qb3 Nb6 6. Nc3 e6 7. e4 Bg4 8.
Ne5 Bh5 9. Be3 Bd6 10. Qb5+ Kf8 11. g4 a6 12. Qe2 Bxe5 13. dxe5 Bg6 14. f4 h6
15. f5 Bh7 16. Rd1 N8d7 17. Bg2 Qe7 18. O-O Nxe5 19. fxe6 Qxe6 20. Nd5 Nxd5 21.
exd5 Qxg4 22. Bc5+ Kg8 23. Qxe5 Rc8 24. Rd4 Qd7 25. Rdf4 Bg6 26. Bd4 Rh7 27.
Re1 b6 28. Bh3 f5 29. Rxf5 Bxf5 30. Bxf5 Qd8 31. Bxh7+ Kxh7 32. Qxg7# 1-0

[Event "Winnipeg op"]
[Site "Winnipeg CAN"]
[Date "2019.06.18"]
[Round "3.4"]
[White "Prince, Colin"]
[Black "Ma, Derek"]
[Result "0-1"]
[WhiteElo "1858"]
[BlackElo "2094"]
[PlyCount "52"]
[EventDate "2019.06.04"]
[EventType "swiss"]
[EventRounds "8"]
[EventCountry "CAN"]

1. e4 c5 2. b4 cxb4 3. a3 e5 4. Nf3 Nc6 5. Bb2 d6 6. Bb5 Qb6 7. Qe2 bxa3 8.
Nxa3 a6 9. Bxc6+ Qxc6 10. d4 f6 11. h3 Ne7 12. dxe5 dxe5 13. O-O Ng6 14. Bc1
Bc5 15. Kh2 O-O 16. c4 Be6 17. Nc2 Rfd8 18. Be3 Bxe3 19. Qxe3 Qxc4 20. Rfc1 Rd3
21. Qb6 Rb3 22. Qd6 Qc6 23. Qd1 Rc3 24. Ncd4 exd4 25. Nxd4 Rxc1 26. Rxc1 Qd6+
0-1

[Event "Winnipeg op"]
[Site "Winnipeg CAN"]
[Date "2019.06.18"]
[Round "3.5"]
[White "Lafreniere, Adrian"]
[Black "Khedkar, Jay"]
[Result "1/2-1/2"]
[WhiteElo "1931"]
[BlackElo "1986"]
[PlyCount "28"]
[EventDate "2019.06.04"]
[EventType "swiss"]
[EventRounds "8"]
[EventCountry "CAN"]

1. e3 e5 2. b3 Nf6 3. Bb2 Nc6 4. Nf3 d6 5. h3 Be7 6. Bb5 Bd7 7. Nc3 Nb4 8.
Bxd7+ Qxd7 9. a3 Nbd5 10. Qe2 Nxc3 11. dxc3 Qc6 12. O-O O-O-O 13. c4 Ne4 14.
Nd2 Nxd2 1/2-1/2

[Event "Winnipeg op"]
[Site "Winnipeg CAN"]
[Date "2019.06.18"]
[Round "3.6"]
[White "Czarny, Keith"]
[Black "Green, Jim"]
[Result "0-1"]
[WhiteElo "1683"]
[BlackElo "1861"]
[PlyCount "128"]
[EventDate "2019.06.04"]
[EventType "swiss"]
[EventRounds "8"]
[EventCountry "CAN"]

1. Nf3 Nf6 2. c4 g6 3. Nc3 Bg7 4. g3 c6 5. Bg2 O-O 6. O-O d5 7. cxd5 Nxd5 8.
Nxd5 Qxd5 9. d4 Qa5 10. Bd2 Qb6 11. Rb1 Nd7 12. Qe1 Nf6 13. Ba5 Qb5 14. b3 Bf5
15. a4 Qd5 16. Rb2 Be4 17. Bc3 Nd7 18. b4 Nb6 19. Qd1 Nc4 20. Rb3 a6 21. Ba1 b5
22. a5 Bh6 23. Bc3 Rad8 24. Nh4 Bxg2 25. Nxg2 e5 26. e3 Rfe8 27. Qa1 Nd2 28.
Ra3 Nxf1 29. Kxf1 Qc4+ 30. Kg1 Qd5 31. Qb1 Bg7 32. e4 Qe6 33. dxe5 Bxe5 34.
Bxe5 Qxe5 35. Re3 Qd4 36. Nf4 Qd1+ 37. Re1 Qxb1 38. Rxb1 Rxe4 39. Rc1 Rd6 40.
Rb1 Rdd4 41. Kf1 Rxb4 42. Rc1 Rbc4 43. Rd1 Red4 44. Re1 Kf8 45. Re3 Rd2 46. Rf3
Rc1+ 47. Kg2 Rcc2 48. Ne6+ Ke7 49. Nc7 b4 50. Nxa6 b3 51. Nb4 b2 52. Rb3 Rxf2+
53. Kh3 Rxh2+ 54. Kg4 Rc1 55. a6 b1=Q 56. Nxc6+ Rxc6 57. Rxb1 Rxa6 58. Rb7+ Kf6
59. Rb4 h5+ 60. Kf3 Ra3+ 61. Kf4 Rf2+ 62. Ke4 Rxg3 63. Rb6+ Kg5 64. Rxg6+ fxg6
0-1

[Event "Winnipeg op"]
[Site "Winnipeg CAN"]
[Date "2019.06.18"]
[Round "3.7"]
[White "Marshall, Carter"]
[Black "Abioye, Yemi"]
[Result "0-1"]
[WhiteElo "1561"]
[BlackElo "2067"]
[PlyCount "72"]
[EventDate "2019.06.04"]
[EventType "swiss"]
[EventRounds "8"]
[EventCountry "CAN"]

1. e4 e6 2. d4 d5 3. Nd2 Nf6 4. e5 Nfd7 5. Ngf3 c5 6. c3 Nc6 7. Bd3 Qb6 8. Qb3
c4 9. Qxb6 axb6 10. Bc2 b5 11. b4 Bxb4 12. cxb4 Nxb4 13. Bb1 c3 14. O-O c2 15.
a3 cxb1=Q 16. Rxb1 Nd3 17. Rxb5 O-O 18. Nb3 Nxc1 19. Rxc1 Rxa3 20. Nc5 Nxc5 21.
Rcxc5 Bd7 22. Rb1 Rfa8 23. Rcc1 Bc6 24. Rb2 g6 25. Rcb1 R8a4 26. h4 Rc4 27. Rb3
Rxb3 28. Rxb3 b5 29. Kf1 b4 30. Ke2 Ba4 31. Rb2 b3 32. Kd3 Rc8 33. Nd2 Rc2 34.
Rxc2 bxc2 35. Nb3 Bxb3 36. Kd2 Kf8 0-1

[Event "Winnipeg op"]
[Site "Winnipeg CAN"]
[Date "2019.06.18"]
[Round "3.8"]
[White "Jenkins, Mark"]
[Black "Melnyk, Jim"]
[Result "0-1"]
[WhiteElo "1438"]
[BlackElo "1708"]
[PlyCount "78"]
[EventDate "2019.06.04"]
[EventType "swiss"]
[EventRounds "8"]
[EventCountry "CAN"]

1. d4 c6 2. c4 d6 3. Nc3 Qc7 4. Nf3 Bg4 5. e3 Nf6 6. Be2 Nbd7 7. O-O e5 8. b3
Be7 9. Ba3 Rd8 10. Re1 O-O 11. Qc2 Rfe8 12. Rad1 d5 13. Bxe7 Rxe7 14. cxd5 cxd5
15. Rc1 Rc8 16. Nd2 Bxe2 17. Nxd5 Nxd5 18. Qxc7 Rxc7 19. Rxc7 Nxc7 20. Rxe2
exd4 21. Nc4 Nd5 22. e4 Nc3 23. Re1 Nc5 24. f3 f6 25. Nb2 b5 26. b4 N5a4 27.
Nxa4 Nxa4 28. Rd1 Rd7 29. Kf1 Kf7 30. Ke1 Ke6 31. Rc1 Nc3 32. Rc2 f5 33. Kd2
fxe4 34. fxe4 Nxe4+ 35. Kd3 Kd5 36. Re2 Re7 37. Rc2 Nc3 38. Rf2 Re3+ 39. Kd2
Ne4+ 0-1

[Event "Winnipeg op"]
[Site "Winnipeg CAN"]
[Date "2019.06.18"]
[Round "3.9"]
[White "Myrzaibraimova, Aibike"]
[Black "Magyar, Peter"]
[Result "0-1"]
[WhiteElo "1581"]
[BlackElo "1471"]
[PlyCount "90"]
[EventDate "2019.06.04"]
[EventType "swiss"]
[EventRounds "8"]
[EventCountry "CAN"]

1. e4 e6 2. d4 d5 3. Nc3 a6 4. Bf4 Nf6 5. Bd3 c5 6. Nf3 c4 7. Be2 Bb4 8. e5 Ne4
9. Bd2 Nxd2 10. Qxd2 Nc6 11. a3 Ba5 12. O-O O-O 13. Ne1 Bb6 14. Nf3 Bd7 15. Bd1
h6 16. Ne2 f6 17. c3 Bc7 18. Qe3 fxe5 19. dxe5 Rxf3 20. Qxf3 Nxe5 21. Qh5 Be8
22. Qh3 Qd6 23. Nd4 Bf7 24. Bc2 Nd3 25. Bxd3 cxd3 26. Rad1 e5 27. Nf5 Qb6 28.
b4 e4 29. Kh1 Qf6 30. Nd4 Be5 31. Qe3 Bf4 32. Qe1 Be5 33. f3 Bxd4 34. cxd4 Qxd4
35. fxe4 dxe4 36. Qg3 Bb3 37. Ra1 e3 38. Qe1 d2 39. Qe2 Bc4 40. Qf3 e2 41. Rg1
Re8 42. Qg3 d1=Q 43. Raxd1 exd1=Q 44. Rxd1 Qxd1+ 45. Qe1 Rxe1# 0-1

[Event "Winnipeg op"]
[Site "Winnipeg CAN"]
[Date "2019.06.18"]
[Round "3.10"]
[White "Piche, Zachary"]
[Black "Remillard, John"]
[Result "1/2-1/2"]
[WhiteElo "1482"]
[BlackElo "1602"]
[PlyCount "125"]
[EventDate "2019.06.04"]
[EventType "swiss"]
[EventRounds "8"]
[EventCountry "CAN"]

1. Nf3 g6 2. c4 Bg7 3. g3 b6 4. Bg2 Bb7 5. Nc3 e5 6. d3 Ne7 7. O-O O-O 8. Rb1
d5 9. cxd5 Nxd5 10. Bd2 Re8 11. a3 Nxc3 12. Bxc3 e4 13. dxe4 Bxc3 14. bxc3 Bxe4
15. Rc1 Na6 16. Qa4 Nc5 17. Qb4 a5 18. Qc4 Bd5 19. Qf4 Ne6 20. Qd2 Bxf3 21.
Qxd8 Raxd8 22. Bxf3 Ng5 23. Rfd1 Kg7 24. h4 Ne6 25. Kf1 Rxd1+ 26. Rxd1 Rd8 27.
e3 Rxd1+ 28. Bxd1 Nc5 29. Ke2 Kf6 30. f3 g5 31. hxg5+ Kxg5 32. Bc2 h5 33. e4 f6
34. Ke3 Ne6 35. Bd1 c5 36. f4+ Kh6 37. Be2 Nc7 38. c4 Ne6 39. e5 fxe5 40. fxe5
Kg5 41. Ke4 Nd4 42. Bd1 Nf5 43. Kf3 h4 44. gxh4+ Kxh4 45. Ke4 Kg5 46. Ba4 Ne7
47. Bb5 Kg6 48. a4 Kf7 49. Bd7 Kg6 50. Kf4 Kf7 51. e6+ Kf6 52. Ke4 Nf5 53. Kd5
Ne3+ 54. Kc6 Nxc4 55. Kc7 Ke5 56. Bb5 Nd6 57. Kxb6 c4 58. Kxa5 c3 59. Bd3 Kxe6
60. Kb4 Kd5 61. Kxc3 Kc5 62. Kb3 Nb7 63. a5 {Draw agreed to by players} 1/2-1/2

[Event "Winnipeg op"]
[Site "Winnipeg CAN"]
[Date "2019.06.18"]
[Round "3.11"]
[White "Trueman, Francis"]
[Black "Letain, Cory"]
[Result "0-1"]
[WhiteElo "1427"]
[BlackElo "1667"]
[PlyCount "74"]
[EventDate "2019.06.04"]
[EventType "swiss"]
[EventRounds "8"]
[EventCountry "CAN"]

1. e4 e5 2. Nf3 Nf6 3. d3 Nc6 4. Nbd2 Bc5 5. h3 O-O 6. g3 d6 7. Bg2 Be6 8. O-O
Qd7 9. Ng5 h6 10. Nxe6 fxe6 11. Nf3 Nh5 12. Nxe5 Qe8 13. Nd7 Nxg3 14. Nxf8 Nxf1
15. Qxf1 Qxf8 16. c3 e5 17. Bd2 Qf6 18. Qe2 Rf8 19. Rf1 Ne7 20. a4 a5 21. Be3
Ng6 22. d4 exd4 23. cxd4 Bb6 24. e5 dxe5 25. dxe5 Qxe5 26. Qg4 Nf4 27. Bxf4
Rxf4 28. Qg3 c6 29. Qb3+ Kh8 30. Qxb6 Rb4 31. Qd8+ Kh7 32. Qd3+ Kh8 33. b3 Qe6
34. Qe3 Qxb3 35. Qe8+ Kh7 36. Be4+ Rxe4 37. Qxe4+ Kh8 {White lost on time} 0-1

[Event "Winnipeg op"]
[Site "Winnipeg CAN"]
[Date "2019.06.18"]
[Round "3.12"]
[White "Gregoryanz, Philipp"]
[Black "Bince, Rolando"]
[Result "0-1"]
[WhiteElo "1543"]
[BlackElo "1928"]
[PlyCount "90"]
[EventDate "2019.06.04"]
[EventType "swiss"]
[EventRounds "8"]
[EventCountry "CAN"]

1. e4 e6 2. d4 d5 3. exd5 exd5 4. Nf3 Bd6 5. Nc3 c6 6. Bd3 Nf6 7. O-O O-O 8.
Be3 Bg4 9. Be2 Re8 10. Qd2 Nbd7 11. Bg5 Qc7 12. g3 Ne4 13. Nxe4 dxe4 14. Nh4
Bxe2 15. Qxe2 h6 16. Bxh6 gxh6 17. Qg4+ Kh8 18. Nf5 Bf8 19. Qh4 Qd8 20. Qf4 Qg5
21. Kh1 Qxf4 22. gxf4 Re6 23. Rg1 Rg6 24. Rae1 Nf6 25. Ng3 Bd6 26. f5 Rg4 27.
c4 Bxg3 28. fxg3 Rd8 29. Rd1 e3 30. Rge1 Re4 31. Kg2 Kg7 32. Kf3 Rde8 33. d5
cxd5 34. cxd5 e2 35. Rd2 Re3+ 36. Kg2 Nd7 37. d6 R8e5 38. g4 h5 39. h3 hxg4 40.
hxg4 Kf6 41. b4 R5e4 42. Kf2 Ke5 43. b5 Kf4 44. Rc2 Ne5 45. Rc7 Nd3+ 0-1

[Event "Winnipeg op"]
[Site "Winnipeg CAN"]
[Date "2019.06.18"]
[Round "3.13"]
[White "Myrzaibraimova, Alia"]
[Black "Gannon, Keith"]
[Result "0-1"]
[WhiteElo "1208"]
[BlackElo "1469"]
[PlyCount "142"]
[EventDate "2019.06.04"]
[EventType "swiss"]
[EventRounds "8"]
[EventCountry "CAN"]

1. e4 c5 2. d4 cxd4 3. Qxd4 d6 4. f4 Nc6 5. Qd1 Nf6 6. Nc3 Bg4 7. Be2 Bxe2 8.
Ngxe2 e6 9. Be3 Ng4 10. Qd2 Nxe3 11. Qxe3 Be7 12. O-O-O Qa5 13. Qd3 Nb4 14.
Qb5+ Qxb5 15. Nxb5 O-O 16. a3 Nc6 17. Nxd6 Bxd6 18. Rxd6 g6 19. Rhd1 a5 20. a4
Rfc8 21. Nd4 Nxd4 22. R1xd4 Kg7 23. Kd2 Rc7 24. Rd7 Rac8 25. Rxc7 Rxc7 26. c4
Kf6 27. h3 h5 28. Ke3 Ke7 29. e5 Ke8 30. g4 hxg4 31. hxg4 Ke7 32. Ke4 f5+ 33.
gxf5 gxf5+ 34. Kf3 Rc5 35. b3 Rc8 36. Rd2 Rh8 37. Rg2 Rh3+ 38. Rg3 Rh7 39. c5
Kd7 40. Ke3 Kc6 41. Kd4 b6 42. cxb6 Kxb6 43. Rg6 Rd7+ 44. Kc4 Rc7+ 45. Kd3 Rd7+
46. Ke3 Re7 47. Rg2 Kc5 48. Rc2+ Kb4 49. Rb2 Rc7 50. Kd3 Rc3+ 51. Kd4 Rf3 52.
Rb1 Rxf4+ 53. Ke3 Re4+ 54. Kf3 Rxe5 55. Kg3 Re3+ 56. Kf2 Rxb3 57. Rxb3+ Kxb3
58. Ke2 Kxa4 59. Kd3 e5 60. Ke3 Kb3 61. Kd3 a4 62. Kd2 a3 63. Kc1 a2 64. Kd2
a1=Q 65. Ke3 Qd4+ 66. Kf3 Qd3+ 67. Kf2 e4 68. Ke1 Qc2 69. Kf1 e3 70. Ke1 Qd2+
71. Kf1 Qf2# 0-1

[Event "Winnipeg op"]
[Site "Winnipeg CAN"]
[Date "2019.06.25"]
[Round "4.1"]
[White "Ubaka, Michael"]
[Black "Wiebe, Isaac"]
[Result "0-1"]
[WhiteElo "1815"]
[BlackElo "2281"]
[PlyCount "38"]
[EventDate "2019.06.04"]
[EventType "swiss"]
[EventRounds "8"]
[EventCountry "CAN"]

1. d4 Nf6 2. h3 d5 3. Bf4 c5 4. b3 cxd4 5. Qxd4 Nc6 6. Qd1 e5 7. Bh2 Bc5 8. e3
O-O 9. Nf3 Re8 10. Be2 Bf5 11. c3 d4 12. exd4 exd4 13. O-O d3 14. Bxd3 Bxd3 15.
Re1 Ne4 16. Rxe4 Bxe4 17. Nbd2 Bxf3 18. gxf3 Qg5+ 19. Bg3 Qxg3+ 0-1

[Event "Winnipeg op"]
[Site "Winnipeg CAN"]
[Date "2019.06.25"]
[Round "4.2"]
[White "Green, Jim"]
[Black "Ma, Derek"]
[Result "0-1"]
[WhiteElo "1861"]
[BlackElo "2094"]
[PlyCount "107"]
[EventDate "2019.06.04"]
[EventType "swiss"]
[EventRounds "8"]
[EventCountry "CAN"]

1. e4 c5 2. Nf3 d6 3. Bb5+ Bd7 4. Bxd7+ Qxd7 5. O-O Nc6 6. c3 Nf6 7. Qe2 g6 8.
d4 cxd4 9. cxd4 Bg7 10. Rd1 O-O 11. Nc3 Rfd8 12. Bg5 Ne8 13. Rac1 h6 14. Be3 a6
15. Nd5 Rab8 16. Nb6 Qg4 17. Qc2 e5 18. h3 Qh5 19. d5 Ne7 20. Qa4 f5 21. exf5
gxf5 22. Qh4 Qxh4 23. Nxh4 f4 24. Bd2 Bf6 25. Nf3 Nc8 26. Nxc8 Rdxc8 27. Rxc8
Rxc8 28. Bc3 Rc5 29. Nh2 Kf7 30. f3 h5 31. Nf1 h4 32. Rd3 Be7 33. b4 Rc7 34.
Nd2 Nf6 35. Nb1 Kg6 36. Kf1 Kf5 37. Ke2 Rc8 38. a4 a5 39. bxa5 Rc5 40. Be1 Nxd5
41. Nc3 Nxc3+ 42. Rxc3 Rxc3 43. Bxc3 d5 44. Be1 e4 45. fxe4+ dxe4 46. Bc3 Bf6
47. Be1 Ke5 48. Bc3+ Ke6 49. Bd2 Bg5 50. Bc3 Kd5 51. Bb4 Kc4 52. Be1 Kb3 53.
Bd2 f3+ 54. gxf3 0-1

[Event "Winnipeg op"]
[Site "Winnipeg CAN"]
[Date "2019.06.25"]
[Round "4.3"]
[White "Baron, Gustav"]
[Black "Proulx, Roy"]
[Result "1-0"]
[WhiteElo "2204"]
[BlackElo "1814"]
[PlyCount "70"]
[EventDate "2019.06.04"]
[EventType "swiss"]
[EventRounds "8"]
[EventCountry "CAN"]

1. f4 d6 2. e4 g6 3. Nf3 Bg7 4. d4 Nd7 5. Nc3 e5 6. Be3 Ngf6 7. fxe5 dxe5 8.
dxe5 Ng4 9. Bg5 f6 10. exf6 Bxf6 11. Qd2 O-O 12. Bc4+ Kh8 13. O-O Qe7 14. Bb3
c6 15. Rae1 Nge5 16. Bh6 Bg7 17. Bxg7+ Kxg7 18. Nxe5 Nxe5 19. Qd4 Bd7 20. Nd1
Rf6 21. Rxf6 Qxf6 22. Qf2 Rf8 23. Qxf6+ Rxf6 24. h3 c5 25. Ne3 b5 26. Bd5 Bxh3
27. gxh3 Nf3+ 28. Kf2 Nxe1+ 29. Kxe1 Rf3 30. Kd2 Rxh3 31. e5 Rh4 32. Bc6 Rd4+
33. Ke2 h5 34. c3 Ra4 35. a3 b4 1-0

[Event "Winnipeg op"]
[Site "Winnipeg CAN"]
[Date "2019.06.25"]
[Round "4.4"]
[White "Abioye, Yemi"]
[Black "Magyar, Peter"]
[Result "1-0"]
[WhiteElo "2067"]
[BlackElo "1471"]
[PlyCount "77"]
[EventDate "2019.06.04"]
[EventType "swiss"]
[EventRounds "8"]
[EventCountry "CAN"]

1. e4 e6 2. d4 d5 3. exd5 exd5 4. h3 Nf6 5. Nf3 h6 6. Bd3 Be7 7. O-O Nc6 8. c3
a6 9. Bf4 Bd6 10. Re1+ Be6 11. Ne5 O-O 12. Nd2 Ne7 13. Qf3 c5 14. Bxh6 Re8 15.
Qg3 g6 16. Qh4 Nf5 17. Bxf5 Bxf5 18. Bg5 Re6 19. Nxg6 Bh2+ 20. Kxh2 Bxg6 21.
Rxe6 fxe6 22. Bxf6 Qc7+ 23. Be5 Qh7 24. Qxh7+ Kxh7 25. dxc5 Rf8 26. f4 Be8 27.
Nf3 Kg6 28. g4 Bc6 29. Nd4 Bd7 30. h4 Kh7 31. Kg3 Kg6 32. b4 Rg8 33. a4 Kf7 34.
b5 a5 35. c6 bxc6 36. bxc6 Bc8 37. Nb5 Ba6 38. h5 Rc8 39. Nd6+ 1-0

[Event "Winnipeg op"]
[Site "Winnipeg CAN"]
[Date "2019.06.25"]
[Round "4.5"]
[White "Khedkar, Jay"]
[Black "Rutter, Blair"]
[Result "1/2-1/2"]
[WhiteElo "1986"]
[BlackElo "1896"]
[PlyCount "49"]
[EventDate "2019.06.04"]
[EventType "swiss"]
[EventRounds "8"]
[EventCountry "CAN"]

1. Nf3 d6 2. d4 Nf6 3. Nc3 e6 4. e4 Be7 5. Bc4 O-O 6. Bg5 Nbd7 7. Qe2 e5 8.
O-O-O Qe8 9. h4 h6 10. Bxf6 Bxf6 11. Nd5 Bd8 12. dxe5 dxe5 13. h5 c6 14. Ne3 b5
15. Bb3 Nc5 16. Nf5 Nxb3+ 17. axb3 Bc7 18. N3h4 Kh7 19. Qe3 Bd8 20. Qc3 Bxh4
21. Rxh4 Bxf5 22. exf5 Qe7 23. Re4 Qg5+ 24. Qe3 Qxe3+ 25. Rxe3 1/2-1/2

[Event "Winnipeg op"]
[Site "Winnipeg CAN"]
[Date "2019.06.25"]
[Round "4.6"]
[White "Melnyk, Jim"]
[Black "Lafreniere, Adrian"]
[Result "0-1"]
[WhiteElo "1708"]
[BlackElo "1931"]
[PlyCount "68"]
[EventDate "2019.06.04"]
[EventType "swiss"]
[EventRounds "8"]
[EventCountry "CAN"]

1. e4 c6 2. Nc3 d5 3. Nf3 Nf6 4. exd5 cxd5 5. d4 Bg4 6. Be2 e6 7. Ne5 Bxe2 8.
Qxe2 Nbd7 9. Qb5 Qc7 10. Bg5 a6 11. Qd3 Nxe5 12. dxe5 Qxe5+ 13. Be3 Bc5 14.
O-O-O Bxe3+ 15. fxe3 Ng4 16. Rd2 O-O-O 17. Nd1 Kb8 18. h3 Nf6 19. Rf2 d4 20.
exd4 Rxd4 21. Qf3 Rhd8 22. Re2 Qd6 23. Ree1 Rf4 24. Qc3 Ne4 25. Qxg7 Qd2+ 26.
Kb1 Rc8 27. Ne3 Rc5 28. Qxh7 Nc3+ 29. Ka1 Nxa2 30. Qd3 Qa5 31. Kb1 Ra4 32. Nd1
Nc3+ 33. bxc3 Ra1+ 34. Kb2 Qa3# 0-1

[Event "Winnipeg op"]
[Site "Winnipeg CAN"]
[Date "2019.06.25"]
[Round "4.7"]
[White "Bince, Rolando"]
[Black "Letain, Cory"]
[Result "0-1"]
[WhiteElo "1928"]
[BlackElo "1667"]
[PlyCount "71"]
[EventDate "2019.06.04"]
[EventType "swiss"]
[EventRounds "8"]
[EventCountry "CAN"]

1. e4 e5 2. Nf3 Nf6 3. Nc3 Bb4 4. a3 Bxc3 5. dxc3 Nc6 6. Bg5 d6 7. Bb5 Bd7 8.
O-O Ne7 9. Bxd7+ Qxd7 10. Bxf6 gxf6 11. Nh4 O-O-O 12. Qf3 Qe6 13. Rad1 Rdg8 14.
g3 Kb8 15. Rd3 Ng6 16. Ng2 h5 17. Qf5 Qa2 18. h4 Qxb2 19. Kh2 Qxc2 20. Rf3 Ne7
21. Qxf6 Qxe4 22. Re3 Nd5 23. Qxh8 Qg6 24. Nf4 Nxf4 25. Qxg8+ Qxg8 26. gxf4 Qg4
27. fxe5 Qxh4+ 28. Kg2 dxe5 29. Rh1 Qg4+ 30. Rg3 Qe4+ 31. Kg1 b6 32. Rxh5 f6
33. Rh6 f5 34. Rg7 f4 35. Rg4 Kb7 36. Rf6 {and Black won.} 0-1